000
00288nam a22001337a 4500
008
180301b xxu||||| |||| 00| 0 eng d
020
_a
9780517591628
041
_a
eng
080
_a
316
100
_a
50
101
_a
SOC
245
_a
Women in the Past
_c
Luchetti, C
942
_2
udc
_c
BK
999
_c
43776
_d
43776